Statistics for Rock Songs #12

Click here to take the quiz!

General Stats

  • This quiz has been taken 31 times
  • The average score is 5 of 20

Answer Stats

Song nameNumber of Spotify Streams to nearest MillionArtist% Correct
Jump862Van Halen
97%
Everlong1109Foo Fighters
77%
Karma Police516Radiohead
63%
The Passenger390Iggy Pop
53%
Run To you191Bryan Adams
50%
Happy Together464The Turtles
43%
Lost in The Supermarket55The Clash
23%
Highway Tune238Greta Van Fleet
20%
Rise Above33Black Flag
13%
The Heaviest Matter in the Universe27Gojira
10%
Killed By Death40Motorhead
10%
To Hell And Back167Sabaton
10%
Bloodline31Slayer
10%
Easy' Livin35Uriah Heap
10%
Ora Pro Nobis Lucifer13Behemoth
7%
I'm Broken117Pantera
7%
Carrion65Parkway Drive
7%
All and Everything1Spidergawd
7%
I got Erection3Turbonegro
7%
Burn The Rain11Kurt Cobain
3%

Score Distribution

Percentile by Number Answered

Percent of People with Each Score

Your Score History

You have not taken this quiz